000 01222cad a22002535a 4500
001 L150593
008 100901e20100326xxkd f s 000 0 eng d
035 _a(Sirsi) u150750
041 0 _aeng
050 0 4 _a333.33 $2 18
110 2 _aRoyal Institution of Chartered Surveyors
_bEconomics
_95033
245 0 0 _aRICS global real estate weekly
_b13 August 2010
_h[electronic resource]
260 _aLondon
_bRICS
_c2010
490 0 _aRICS Global Real Estate Weekly
_v13 August 2010
520 _aGerman house prices are likely to continue rising through the second half of 2010. Depressed home prices stunt US housing starts. Euro area construction sector may stabilise during the second half of 2010. Export led recovery boosts Singapore commercial property market.
590 _aKA
650 2 4 _aRICS GLOBAL REAL ESTATE WEEKLY
651 4 _aInternational
690 _aBUILT ENVIRONMENT-CONSTRUCTION MARKET
690 _aPROPERTY-RESIDENTIAL PROPERTY-RESIDENTIAL PROPERTY MARKET
690 _aPROPERTY-COMMERCIAL PROPERTY-COMMERCIAL PROPERTY MARKET
856 4 0 _uhttps://www.rics.org/site/download_feed.aspx?fileID=7200&fileExtension=PDF
_zView the report free of charge (PDF file) at www.rics.org
942 _n0
999 _c110971
_d110971